00245 a2200121 4500001000700000020000600007040001100013100002700024240003000051245002500081300000800106362000900114182869 a  cMagnum aVieira, Thereza Freire10aRomance do cotidianolpor10aRomance do cotidiano a1740 a1990